00510nam a2200169Ia 4500003000900000008004100009040001600050080002100066100001900087245008500106260004600191300001300237650002200250650002600272650001900298650002300317IN-BaIIA211028s9999 xx 000 0 eng d cIIA Library a552.5:083.8bSIM aSimpson, G. C. 0aTables for the reduction of meteorological observations in IndiacSimpson G. C.  aCalcuttabGovernment of India Pressc1910 aix, 95p. aEarth Atmospheres aMeteorological-Tables aNASA Thesaurus aTables-Meteorology